000 00551nam a22001577a 4500
999 _c533710
_d533710
020 _qHard Cover.
082 _a660
100 _aMuhammad Behroz Naeem Khan
245 _aExpression Analysis of mir-21, mir-18a and mir-125b in Breast Cancer and HBV Patients /
_cMuhammad Behroz Naeem Khan.
260 _aIslamabad:
_bASAB - NUST,
_c2017.
300 _a71 p. :
_bill. ;
_c30cm.
942 _2ddc
_cTHE
650 _aHealthcare Biotechnology MS-Thesis.
_919254
700 _aDr. Hajra Sadia
_927674